Từ điển Văn hóa giáo dục Việt Nam

TM tài liệu tham khảo tr. 513

Guardado en:
Detalles Bibliográficos
Autor principal: Vũ, Ngọc Khánh
Otros Autores: Phạm, Minh Thảo
Formato: Libro
Lenguaje:Undetermined
Publicado: H. Văn hóa - Thông tin 2010
Materias:
Acceso en línea:http://lrc.tdmu.edu.vn/opac/search/detail.asp?aID=2&ID=17372
Etiquetas: Agregar Etiqueta
Sin Etiquetas, Sea el primero en etiquetar este registro!
Thư viện lưu trữ: Trung tâm Học liệu Trường Đại học Thủ Dầu Một
LEADER 00832nam a2200217Ia 4500
001 TDMU_17372
008 210410s9999 xx 000 0 und d
082 |a 370.959703 
090 |b V500 
100 |a Vũ, Ngọc Khánh 
245 0 |a Từ điển Văn hóa giáo dục Việt Nam 
245 0 |c Vũ Ngọc Khánh, Phạm Minh Thảo, Nguyễn Thị Thu Hà (b.s) 
260 |a H. 
260 |b Văn hóa - Thông tin 
260 |c 2010 
300 |a 513tr. 
520 |a TM tài liệu tham khảo tr. 513 
650 |a Văn hóa giáo dục  |z Việt Nam  |v Từ điển; Từ điển chuyên ngành  |x Giáo dục 
700 |a Phạm, Minh Thảo 
856 |u http://lrc.tdmu.edu.vn/opac/search/detail.asp?aID=2&ID=17372 
980 |a Trung tâm Học liệu Trường Đại học Thủ Dầu Một